000 00737nam a22002777a 4500
001 BR0401293
003 BR-BrBNA
005 20230928101528.0
007 ta
008 230509b bl.||||| |||| 00| 0 por d
040 _aBR-BrBNA
_bpor
_cBiblioteca Nacional de Agricultura
041 _a(Spa, Eng, Por)
072 _aE71
090 _ E71 BR0401293
110 1 _aMinistério das Relações Exteriores, Brasília, DF (Brasil)
_97083
245 1 _aAgricultura no Brasil
260 3 _aBrasília, DF (Brasil):
_c[nd].
300 _a149 p.
650 _aCOMÉRCIO EXTERIOR
650 _aMERCADO INTERNACIONAL
650 _aALCA
650 _aGATT
650 _aMERCOSUL
909 _a202309
_bLucia
_c55
_dLucia Elande
942 _cBK
999 _c66269
_d66269